Tạp chí nghiên cứu kinh tế và kinh doanh Châu Á Số 8

Số phát hành này bao gồm những bài báo cáo chủ đề như Nguồn vốn con người và tăng trưởng kinh tế cấp độ tỉnh/thành phố Việt Nam; Lý thuyết tìm kiếm của người mua trên thị trường nhà ở: Tác động của tâm lý lo sợ thua lỗ lên hành vi...

詳細記述

保存先:
書誌詳細
フォーマット: 図書
言語:Vietnamese
出版事項: Thành phố Hồ Chí Minh Trường Đại học Kinh tế thành phố Hồ Chí Minh 2018
主題:
タグ: タグ追加
タグなし, このレコードへの初めてのタグを付けませんか!
Thư viện lưu trữ: Thư viện Trường Đại học Nam Cần Thơ
LEADER 01735nam a22002057a 4500
001 NCT_109563
008 220407b xxu||||| |||| 00| 0 vie d
999 |c 5560  |d 5560 
022 |a 2615-9104 
041 |a vie 
082 0 4 |2 23rd ed.  |a 330  |b T109C 
245 0 0 |a Tạp chí nghiên cứu kinh tế và kinh doanh Châu Á  |n Số 8  |c Trường Đại học Kinh tế thành phố Hồ Chí Minh 
260 |a Thành phố Hồ Chí Minh  |b Trường Đại học Kinh tế thành phố Hồ Chí Minh  |c 2018 
300 |c 24cm 
310 |a Hàng tháng 
520 3 |a Số phát hành này bao gồm những bài báo cáo chủ đề như Nguồn vốn con người và tăng trưởng kinh tế cấp độ tỉnh/thành phố Việt Nam; Lý thuyết tìm kiếm của người mua trên thị trường nhà ở: Tác động của tâm lý lo sợ thua lỗ lên hành vi người mua nhà; Tác động của sự hợp lí trong dự toán ngân sách đến kết quả công việc của các nhà quản trị ở các doanh nghiệp tại Việt Nam; Mô hình nghiên cứu tác động giữa các yếu tố đáp ứng và mức độ phù hợp của phần mềm đến sự thành công của quá trình ứng dụng các phần mềm kế toán đóng gói tại các doanh nghiệp Việt Nam 
655 |a Tạp chí 
942 |2 ddc  |c CR 
952 |0 0  |1 0  |2 ddc  |4 0  |6 330_000000000000000_T109C  |7 0  |9 23005  |a 000001  |b 000001  |d 2022-04-08  |o 330 T109C  |r 2022-04-08  |w 2022-04-08  |y CR 
980 |a Thư viện Trường Đại học Nam Cần Thơ